000 00863 a2200229 4500
001 41141
005 20260407155705.0
008 260407a1996 arg spa d
003 AR-UNSa-BCEJYS
040 _aAR-UNSa-BCEJYS
_bspa
_cAR-UNSa-BCEJYS
080 _a347.736
_xQuiebra. Insolvencia. Suspensión de pagos. Bancarrota, procedimientos. Derecho Concursal
245 1 0 _aComentarios a la Ley de concursos y quiebras Nº 24.522
_pdoctrina y jurisprudencia aplicable
020 _a950-894-037-9
264 1 _aBuenos Aires :
_bAD-HOC
_c1996
300 _a576 p.
_c23 cm.
505 _a1. Doctrina - 2. Documental
041 _aspa
942 _cBK
590 _aniveau_biblio:m niveau_hierar:0
100 1 _aVítolo, Daniel Roque
856 4 1 _uhttps://biblioeco.unsa.edu.ar/pmb/images/libros/comentarios_ley_concursos_Vitolo.jpg
_yImagen de portada
_qimage/jpeg
999 _c3394
_d3394